banner-ar

دراسة فنية تحليلية لشعر الاطفال العربى الحديث / (Record no. 63304)

MARC details
000 -الفاتح
حقل البيانات ثابتة الطول 00747nam a22001937a 4500
005 - وقت وتاريخ اخر تعامل مع التسجيلة
رقم الضبط 20240530110633.0
008 - عناصر البيانات ثابتة الطول - معلومات عامة
حقل البيانات ثابتة الطول 170918s2015 ua a g b 000 p ara d
017 ## - رقم الايداع القانونى
رقم الايداع القانونى 2015/23511
المصدر ( الهيئة المختصة) مصر . دار الكتب المصرية
020 ## - الرقم الدولى المعيارى للكتب
الرقم الدولى المعيارى للكتاب 9789773686819
040 ## - مصدر الفهرسة
وكالة الفهرسة الأصلية EG-CaGPL
082 04 - رقم تصنيف ديوى العشرى
رقم الطبعة 21
رقم التصنيف 811.0099282\
رقم المادة ر د
100 0# - المدخل الرئيسى - إسم شخصى
الإسم الشخصى رافت محمد على الشرقاوى .
245 10 - بيان العنوان
العنوان دراسة فنية تحليلية لشعر الاطفال العربى الحديث /
بيان المسئوليه,etc تاليف رافت محمد على الشرقاوى
250 ## - بيان الطبعة
بيان الطبعة ط.1
260 ## - PUBLICATION, DISTRIBUTION, ETC. (IMPRINT)
تاريخ النشر أو التوزيع 2015 .
300 ## - الوصف المادى
التعداد 322 ص ؛
أبعاد الوعاء 24 سم .
650 07 - المدخل الاضافى بالموضوع-مصطلح موضوعى
مصطلح موضوعي شعر الاطفال
التقسيم الفرعي العام تاريخ و نقد
942 ## - عناصر المدخل الإضافي( كوها)
مصدر التصنيف او مخطط الترفيف Dewey Decimal Classification
Koha [default] item type كتاب
260 ## - PUBLICATION, DISTRIBUTION, ETC. (IMPRINT)
-- الاسكندرية :
-- مؤسسة حورس الدولية ،
Holdings
حالة التراجع حالة الفقد حالة تلف ليس للاعارة المكان المؤقت الموقع الحالى موقع الترفيف تاريخ الاكتساب اجمالي اﻻعارات رقم الطلب الباركود تاريخ اخر مشاهدة تاريخ تفعيل السعر نوع وعاء كوها
        مكتبة القاهرة الكبرى مكتبة القاهرة الكبرى القاعة الرئيسية 09/18/2017   811.0099282\ ر د 163288 09/18/2017 09/18/2017 كتاب

Powered By

EGPV